| 000 | 00777pam a2200253 i 4500 | ||
|---|---|---|---|
| 999 |
_c7723 _d7723 |
||
| 001 | 7978 | ||
| 003 | BD-DhUAP | ||
| 005 | 20210130152303.0 | ||
| 008 | 201108s2000 nyua 001 0 eng | ||
| 020 | _a0070990646 | ||
| 040 |
_aDLC _cDLC _dBD-DhUAP |
||
| 082 | 0 | 0 |
_a510 SPI _223 |
| 100 | 1 | _aSpiegel, Murray R. | |
| 245 | 1 | 0 |
_aSchaum's outline of theory and problems of advanced Mathematics : _bfor engineers and scientists / _cMurray R. Spiegel. |
| 250 | _aSI (Metric) edition. | ||
| 260 |
_aSingapore : _bMcGraw-Hill, _cc1983. |
||
| 300 |
_a407 pages : _billustrations ; _c24 cm. |
||
| 490 | 0 | _aSchaum's outline series | |
| 500 | _aIncludes index. | ||
| 650 | _aMathematics. | ||
| 650 | _aEngineering mathematics. | ||
| 650 | _aMathematical physics. | ||
| 942 |
_2ddc _cBK |
||